Statistiche per Elenca la formazione - Quiz n°20

Clicka qui per fare il quiz!

Statistiche generali

  • Questo quiz è stato fatto 26 volte
  • Il punteggio medio è 4 su 11

Statistiche sulle risposte

RuoloNazioneCalciatore% Corretto
AttaccanteGermaniaMiroslav Klose
96%
DifensoreRomaniaȘtefan Radu
88%
PortiereItaliaFederico Marchetti
75%
CentrocampistaArgentina / ItaliaCristian Ledesma
42%
AttaccanteFranciaDjibril Cissé
42%
TrequartistaBrasileHernanes
38%
DifensoreFranciaAbdoulay Konko
25%
DifensoreItaliaGiuseppe Biava
17%
CentrocampistaUruguayÁlvaro González
8%
DifensoreBrasileAndré Dias
8%
CentrocampistaItaliaCristian Brocchi
8%

Distribuzione punteggi

Percentile per numero di risposta

Percentuale di utenti per punteggio

I tuoi punteggi nel tempo

Non hai fatto questo quiz